000 00277nam a2200121Ia 4500
005 20251222155110.0
008 251222s9999||||xx |||||||||||||| ||spa||
082 _aEMI.21
100 _aLOWDERMILK
245 0 _aEnfermería Materno Infantil
264 _bNo tiene
942 _cLIB
999 _c38009
_d38009